=LDR 00000nam 2200000 4500 =001 INLIS000000000009987 =005 20130612101732 =008 ***********************************Ind** =035 ##$$0010-061300000009987 =041 ##$$a Ind =082 ##$$a 028.5 =090 ##$$a 028.5, Rob j =100 ##$$a Robson, Pam =245 ##$$a Jam, skala dan ukuran, Pam Robson =260 ##$$a 1996 $b Jakarta =300 ##$$a 32 hlm, ilus, 29 cm =650 ##$$a Bacaan anak-anak =850 ##$$a NBPNMAT